Las hermanas Lacroix /

Zapisane w:
Opis bibliograficzny
1. autor: Simenon, Georges (autor)
Format: Książka
Język:hiszpański
Wydane: Barcelona, España : Acantilado, 2013, c2013
Seria:(Narrativa del Acantilado ; 228)
Hasła przedmiotowe:
Etykiety: Dodaj etykietę
Nie ma etykietki, Dołącz pierwszą etykiete!

MARC

LEADER 00000nam^a2200000^a^4500
001 000365234
005 20250521000000.0
009 20260310115639.21
020 |a 978-84-15689-69-0 
037 |a Acervo ITESO - Biblioteca 
041 |a ESP 
082 |a 843.  |b SIM 
100 |a Simenon, Georges  |e (autor) 
245 1 4 |a Las hermanas Lacroix /  |c G. Simenon ; tr. por José Ramón Monreal. 
264 4 |a Barcelona, España :  |b Acantilado,  |c 2013, c2013 
300 |a 137 p. 
336 |a texto  |b txt  |2 rdacontenido 
337 |a sin mediación  |b n  |2 rdamedio 
338 |a volumen  |b nc  |2 rdasoporte 
440 1 |a (Narrativa del Acantilado ;  |v 228) 
500 |a Traducción de: Les soeurs Lacroix 
545 0 |a Georges Simenon (Bélgica, 1903 - Suiza, 1989), novelista francés de origen belga. Autor de más de 500 novelas, Simenon es reconocido principalmente por sus narraciones policíacas sobre el comisario Maigret (alrededor de 80 títulos). La crítica considera que hace un abordaje creativo del mundo del crimen, incorporando la perspectiva más humana, con personajes normales, que expresan el gran fresco de la diversidad social. Escribió también más de cien novelas que no son de género y numerosas novelas populares. Entre sus mejores títulos se encuentran Una confidencia de Maigret, El ahorcado de Saint Polien, Maigret duda, El hombre que miraba pasar los trenes, Maigret y el vendedor de vino, y La extraña sirvienta. 
649 |a XX 
650 |a Novela Francesa 
650 |a Literatura Francesa -  |y Siglo XX 
910 |a Fondo General 
920 |a Impresos - Libros 
930 |a Colección General 
940 |a Literatura 
905 |a 101 
901 |a 0500258950  |b IT1  |c LIT  |i C149186  |u 20250521 
902 |a https://opac.biblio.iteso.mx/vufind/Record/000365234